000 00400 a2200133 4500
000 nam a22 7a 4500
100 _aसीमा चौहान
110 _aसीमा चौहान
245 _aदर्शनिकपृष्ठभूमि में योग का स्वरूप
250 _alatest edition
260 _bindu
_c2022
264 _bindu
_c2022
942 _cBK
999 _c396144
_d396144